[Event "Iranian Men Championship Final 1399"]
[Site "Tehran"]
[Date "2021.04.06"]
[Round "4"]
[Board "3"]
[White "Idani, Pouya"]
[Black "Gholami Orimi, Mahdi"]
[Result "1-0"]
[WhiteElo "2588"]
[BlackElo "2428"]
[PlyCount "0"]
[EventDate "2021.04.05"]
[EventRounds "15"]
[EventCountry "IRI"]

1. e4 {[%clk 1:30:58]} e5 {[%clk 1:30:52]} 2. Nf3 {[%clk 1:31:24]} Nc6
{[%clk 1:31:14]} 3. Bb5 {[%clk 1:31:45]} a6 {[%clk 1:31:38]} 4. Ba4
{[%clk 1:32:11]} d6 {[%clk 1:32:04]} 5. O-O {[%clk 1:32:12]} Bd7 {[%clk 1:32:27]}
6. c4 {[%clk 1:32:33]} g6 {[%clk 1:32:40]} 7. d4 {[%clk 1:30:33]} Bg7
{[%clk 1:26:35]} 8. Bxc6 {[%clk 1:30:23]} Bxc6 {[%clk 1:26:34]} 9. dxe5
{[%clk 1:29:01]} dxe5 {[%clk 1:26:03]} 10. Qe2 {[%clk 1:29:14]} Ne7
{[%clk 1:22:16]} 11. Rd1 {[%clk 1:26:36]} Bd7 {[%clk 1:13:18]} 12. Nc3
{[%clk 1:25:34]} O-O {[%clk 1:06:51]} 13. Bg5 {[%clk 1:19:49]} f6
{[%clk 1:05:59]} 14. Be3 {[%clk 1:20:13]} Rf7 {[%clk 1:05:46]} 15. Ne1
{[%clk 1:15:39]} f5 {[%clk 0:57:34]} 16. b4 {[%clk 1:11:51]} Nc6 {[%clk 0:55:37]}
17. Nf3 {[%clk 1:11:35]} f4 {[%clk 0:42:49]} 18. Bc5 {[%clk 1:11:12]} g5
{[%clk 0:40:49]} 19. h3 {[%clk 1:06:13]} h5 {[%clk 0:40:15]} 20. b5
{[%clk 1:04:14]} g4 {[%clk 0:40:29]} 21. bxc6 {[%clk 1:04:40]} gxf3
{[%clk 0:40:53]} 22. Qxf3 {[%clk 1:05:06]} bxc6 {[%clk 0:41:16]} 23. Qxh5
{[%clk 1:05:31]} Qf6 {[%clk 0:41:37]} 24. Rd3 {[%clk 0:58:02]} Be6
{[%clk 0:38:56]} 25. Nb1 {[%clk 0:57:56]} Rd8 {[%clk 0:32:47]} 26. Rxd8+
{[%clk 0:56:46]} Qxd8 {[%clk 0:33:06]} 27. Nd2 {[%clk 0:57:00]} Rd7
{[%clk 0:22:43]} 28. Nf3 {[%clk 0:51:02]} Bf7 {[%clk 0:20:30]} 29. Qf5
{[%clk 0:35:31]} Qe8 {[%clk 0:20:34]} 30. Rb1 {[%clk 0:35:39]} Bg6
{[%clk 0:18:25]} 31. Rb8 {[%clk 0:35:56]} Qxb8 {[%clk 0:13:19]} 32. Qxg6
{[%clk 0:35:04]} Kh8 {[%clk 0:12:24]} 33. Ng5 {[%clk 0:33:38]} Bf8
{[%clk 0:12:14]} 34. Qf6+ {[%clk 0:33:46]} Bg7 {[%clk 0:12:03]} 35. Qf5
{[%clk 0:34:11]}  1-0

[Event "Iranian Men Championship Final 1399"]
[Site "Tehran"]
[Date "2021.04.06"]
[Round "4"]
[Board "4"]
[White "Darini, Pouria"]
[Black "Mousavi, Seyed Khalil"]
[Result "1/2-1/2"]
[WhiteElo "2432"]
[BlackElo "2522"]
[PlyCount "0"]
[EventDate "2021.04.05"]
[EventRounds "15"]
[EventCountry "IRI"]

1. e4 {[%clk 1:30:56]} e5 {[%clk 1:30:29]} 2. Nf3 {[%clk 1:30:49]} Nc6
{[%clk 1:30:52]} 3. d4 {[%clk 1:29:52]} exd4 {[%clk 1:31:00]} 4. Nxd4
{[%clk 1:30:20]} Nf6 {[%clk 1:30:35]} 5. Nxc6 {[%clk 1:30:39]} bxc6
{[%clk 1:30:57]} 6. e5 {[%clk 1:30:41]} Qe7 {[%clk 1:30:26]} 7. Qe2
{[%clk 1:31:09]} Nd5 {[%clk 1:30:44]} 8. h4 {[%clk 1:31:24]} Qe6 {[%clk 1:29:31]}
9. Nd2 {[%clk 1:31:30]} a5 {[%clk 1:14:39]} 10. c4 {[%clk 1:25:03]} Nb6
{[%clk 1:09:32]} 11. b3 {[%clk 1:10:59]} Bb4 {[%clk 1:06:18]} 12. Bb2
{[%clk 1:11:13]} a4 {[%clk 1:05:37]} 13. Qe3 {[%clk 1:11:35]} O-O
{[%clk 1:00:14]} 14. Bd3 {[%clk 1:03:01]} d5 {[%clk 0:52:54]} 15. O-O
{[%clk 0:51:10]} Bxd2 {[%clk 0:50:42]} 16. Qxd2 {[%clk 0:51:33]} dxc4
{[%clk 0:50:51]} 17. bxc4 {[%clk 0:48:18]} Ba6 {[%clk 0:46:45]} 18. Qc2
{[%clk 0:48:30]} Nxc4 {[%clk 0:42:18]} 19. Bxh7+ {[%clk 0:47:07]} Kh8
{[%clk 0:42:45]} 20. Bf5 {[%clk 0:44:20]} Qe7 {[%clk 0:40:24]} 21. Rfe1
{[%clk 0:41:43]} Nxb2 {[%clk 0:35:33]} 22. Qxb2 {[%clk 0:41:53]} Bc4
{[%clk 0:35:38]} 23. Qd4 {[%clk 0:35:44]} Be6 {[%clk 0:29:46]} 24. Bc2
{[%clk 0:33:17]} f5 {[%clk 0:21:32]} 25. exf6 {[%clk 0:13:04]} Qxf6
{[%clk 0:21:21]} 26. Qxf6 {[%clk 0:13:21]} Rxf6 {[%clk 0:21:45]} 27. a3
{[%clk 0:12:21]} Bd5 {[%clk 0:18:23]} 28. Re7 {[%clk 0:10:15]} Rf4
{[%clk 0:13:03]} 29. g3 {[%clk 0:05:42]} Rf3 {[%clk 0:13:22]} 30. Rae1
{[%clk 0:03:08]} Raf8 {[%clk 0:13:08]} 31. R1e5 {[%clk 0:02:29]} Kg8
{[%clk 0:11:27]} 32. Rg5 {[%clk 0:02:17]} R8f7 {[%clk 0:09:19]} 33. Re8+
{[%clk 0:02:10]} Rf8 {[%clk 0:09:44]} 34. Re7 {[%clk 0:01:25]} R8f7
{[%clk 0:10:07]} 35. Re8+ {[%clk 0:01:09]} Rf8 {[%clk 0:10:30]}  1/2-1/2

[Event "Iranian Men Championship Final 1399"]
[Site "Tehran"]
[Date "2021.04.06"]
[Round "4"]
[Board "5"]
[White "Daneshvar, Bardiya"]
[Black "Nikookar, Mahdi"]
[Result "1-0"]
[WhiteElo "2401"]
[BlackElo "2239"]
[PlyCount "0"]
[EventDate "2021.04.05"]
[EventRounds "15"]
[EventCountry "IRI"]

1. Nf3 {[%clk 1:30:56]} f5 {[%clk 1:30:36]} 2. d3 {[%clk 1:31:19]} Nc6
{[%clk 1:30:16]} 3. e4 {[%clk 1:31:34]} e5 {[%clk 1:30:24]} 4. exf5
{[%clk 1:30:33]} d5 {[%clk 1:29:44]} 5. Qe2 {[%clk 1:27:47]} Nf6 {[%clk 1:23:46]}
6. Nxe5 {[%clk 1:20:20]} Nd4 {[%clk 1:19:24]} 7. Qd1 {[%clk 1:18:57]} Bd6
{[%clk 1:07:58]} 8. c3 Nxf5 {[%clk 0:57:34]} 9. d4 {[%clk 1:16:13]} Ne4
{[%clk 0:53:38]} 10. Qh5+ {[%clk 1:06:04]} g6 {[%clk 0:50:56]} 11. Nxg6 Ng7
{[%clk 0:43:03]} 12. Qxd5 {[%clk 1:04:51]} Nf6 {[%clk 0:41:56]} 13. Qb5+
{[%clk 1:04:45]} Bd7 {[%clk 0:35:54]} 14. Qe2+ {[%clk 1:05:00]} Kf7
{[%clk 0:36:23]} 15. Nxh8+ {[%clk 1:04:49]} Qxh8 {[%clk 0:36:53]} 16. Be3
{[%clk 1:04:42]} Bg4 {[%clk 0:34:07]} 17. Qc2 {[%clk 1:04:23]} Nf5 18. Be2
{[%clk 1:02:35]} Qe8 {[%clk 0:33:13]} 19. Qd3 {[%clk 1:00:05]} Bxe2
{[%clk 0:29:48]} 20. Qxe2 {[%clk 1:00:10]} Nh4 {[%clk 0:28:25]} 21. Nd2
{[%clk 0:58:05]} Nxg2+ {[%clk 0:27:08]} 22. Kd1 {[%clk 0:58:17]} Qa4+
{[%clk 0:25:59]} 23. Kc1 {[%clk 0:57:32]} b5 {[%clk 0:25:43]} 24. Bg5
{[%clk 0:55:16]} Re8 {[%clk 0:25:06]} 25. Qf3 {[%clk 0:53:41]} Bf4
{[%clk 0:25:25]} 26. Qxg2 {[%clk 0:51:59]} Rg8 {[%clk 0:25:33]} 27. h4
{[%clk 0:48:49]} h6 {[%clk 0:24:43]} 28. Qf3 {[%clk 0:46:44]} hxg5
{[%clk 0:23:47]} 29. hxg5 {[%clk 0:46:35]} Bxg5 {[%clk 0:23:52]} 30. Qf5
{[%clk 0:46:12]} Ke7 {[%clk 0:12:16]} 31. f4 {[%clk 0:45:56]} Bh4
{[%clk 0:12:44]} 32. Qc5+ {[%clk 0:43:41]} Kd8 {[%clk 0:12:28]} 33. b3
{[%clk 0:43:29]} Qa6 {[%clk 0:12:09]} 34. Rxh4 {[%clk 0:43:27]} Rg1+
{[%clk 0:12:20]} 35. Kb2 {[%clk 0:43:44]} Rg2 {[%clk 0:12:47]} 36. Rd1
{[%clk 0:43:33]} b4 {[%clk 0:12:26]} 37. Rh8+ {[%clk 0:43:34]} Kd7
{[%clk 0:12:40]} 38. Qf5+ {[%clk 0:44:00]} Ke7 {[%clk 0:12:50]}  1-0

[Event "Iranian Men Championship Final 1399"]
[Site "Tehran"]
[Date "2021.04.06"]
[Round "4"]
[Board "6"]
[White "Atakhan, Abtin"]
[Black "Maghsoodloo, Parham"]
[Result "0-1"]
[WhiteElo "2294"]
[BlackElo "2676"]
[PlyCount "0"]
[EventDate "2021.04.05"]
[EventRounds "15"]
[EventCountry "IRI"]

1. d4 {[%clk 1:30:01]} Nf6 {[%clk 1:30:55]} 2. c4 {[%clk 1:30:13]} e6
{[%clk 1:31:21]} 3. g3 {[%clk 1:30:21]} d5 {[%clk 1:31:45]} 4. Nf3
{[%clk 1:30:27]} Be7 {[%clk 1:32:10]} 5. Bg2 {[%clk 1:30:50]} O-O
{[%clk 1:32:35]} 6. Nc3 {[%clk 1:30:36]} Nbd7 {[%clk 1:31:33]} 7. O-O
{[%clk 1:29:29]} c6 {[%clk 1:31:49]} 8. Nd2 {[%clk 1:26:06]} b6 {[%clk 1:29:12]}
9. b3 {[%clk 1:23:38]} Ba6 {[%clk 1:28:31]} 10. Bb2 {[%clk 1:21:33]} Rc8
{[%clk 1:23:20]} 11. a4 {[%clk 1:16:20]} Qc7 {[%clk 1:21:15]} 12. Rc1
{[%clk 1:10:38]} Qb8 {[%clk 1:20:47]} 13. Qc2 {[%clk 1:04:34]} Rfd8
{[%clk 1:09:51]} 14. Qb1 {[%clk 1:03:46]} Bb4 {[%clk 1:01:22]} 15. Rfd1
{[%clk 1:00:53]} c5 {[%clk 0:54:47]} 16. Na2 {[%clk 0:51:43]} Bxd2
{[%clk 0:46:15]} 17. Rxd2 {[%clk 0:52:10]} dxc4 {[%clk 0:46:35]} 18. bxc4
{[%clk 0:46:25]} cxd4 {[%clk 0:46:24]} 19. Rxd4 {[%clk 0:46:35]} e5
{[%clk 0:45:59]} 20. Rh4 {[%clk 0:46:04]} Qd6 {[%clk 0:41:40]} 21. Ba1
{[%clk 0:40:23]} g5 {[%clk 0:40:05]} 22. Rh6 {[%clk 0:39:27]} Bxc4
{[%clk 0:33:51]} 23. Nc3 {[%clk 0:37:01]} Qf8 {[%clk 0:33:30]} 24. Rxf6
{[%clk 0:37:07]} Nxf6 {[%clk 0:33:51]} 25. Qf5 {[%clk 0:37:31]} Qg7
{[%clk 0:23:20]} 26. Qxe5 {[%clk 0:37:07]} Be6 {[%clk 0:20:16]} 27. h3 g4 28. h4
{[%clk 0:33:15]} Qh6 {[%clk 0:17:01]} 29. Ne4 {[%clk 0:30:44]} Rxc1+
{[%clk 0:16:47]} 30. Kh2 {[%clk 0:31:12]} Rxa1 {[%clk 0:16:48]} 31. Nxf6+
{[%clk 0:31:35]} Kf8 {[%clk 0:14:12]} 32. Qxa1 {[%clk 0:31:47]} Ke7
{[%clk 0:14:36]} 33. Ne4 {[%clk 0:31:50]} Bf5 {[%clk 0:14:26]} 34. Qa3+
{[%clk 0:30:53]} Ke8 {[%clk 0:13:48]} 35. Ng5 {[%clk 0:28:52]} Qf6
{[%clk 0:13:41]} 36. e4 {[%clk 0:28:19]} Bg6 {[%clk 0:12:22]} 37. Qe3
{[%clk 0:25:36]} Qd4 {[%clk 0:12:30]} 38. Qe2 {[%clk 0:25:40]} h6
{[%clk 0:12:13]} 39. h5 {[%clk 0:26:09]} Bxh5 {[%clk 0:11:42]} 40. Ne6
{[%clk 0:26:20]} fxe6 {[%clk 0:11:50]} 41. Qb5+ {[%clk 0:26:48]} Ke7
{[%clk 0:12:12]} 42. Qxh5 {[%clk 0:27:14]} Qxf2 {[%clk 0:12:37]} 43. Qxg4
{[%clk 0:27:18]} Rd2 {[%clk 0:12:13]} 44. Qg7+ {[%clk 0:27:36]} Kd8
{[%clk 0:12:27]}  0-1

[Event "Iranian Men Championship Final 1399"]
[Site "Tehran"]
[Date "2021.04.06"]
[Round "4"]
[Board "7"]
[White "Tabatabaei, M.Amin"]
[Black "Veisi, Bardia"]
[Result "1-0"]
[WhiteElo "2629"]
[BlackElo "2273"]
[PlyCount "0"]
[EventDate "2021.04.05"]
[EventRounds "15"]
[EventCountry "IRI"]

1. e4 {[%clk 1:29:44]} c5 {[%clk 1:30:00]} 2. Nf3 {[%clk 1:30:10]} d6
{[%clk 1:30:25]} 3. Bb5+ {[%clk 1:30:28]} Nd7 {[%clk 1:30:29]} 4. a4
{[%clk 1:30:35]} Ngf6 {[%clk 1:30:44]} 5. Nc3 {[%clk 1:30:52]} a6
{[%clk 1:31:07]} 6. Be2 {[%clk 1:31:10]} e6 {[%clk 1:30:50]} 7. d4 cxd4
{[%clk 1:31:06]} 8. Qxd4 {[%clk 1:31:38]} Be7 {[%clk 1:31:27]} 9. O-O
{[%clk 1:31:49]} O-O {[%clk 1:26:14]} 10. Rd1 {[%clk 1:28:58]} Qc7
{[%clk 1:24:09]} 11. Be3 {[%clk 1:22:42]} b6 {[%clk 1:22:49]} 12. Nd2
{[%clk 1:23:04]} Bb7 {[%clk 1:22:38]} 13. Nc4 {[%clk 1:22:59]} e5
{[%clk 1:15:52]} 14. Qd2 {[%clk 1:22:00]} Nc5 {[%clk 1:16:02]} 15. f3
{[%clk 1:21:29]} Rad8 16. b4 {[%clk 1:20:14]} Ncd7 {[%clk 0:43:26]} 17. Ra3
{[%clk 1:19:50]} h6 {[%clk 0:42:49]} 18. Bf2 {[%clk 1:14:47]} Kh8
{[%clk 0:30:13]} 19. g3 {[%clk 1:10:58]} Kg8 {[%clk 0:30:07]} 20. Kg2
{[%clk 1:10:57]} Qb8 {[%clk 0:24:22]} 21. Rb3 {[%clk 1:01:41]} Qc7
{[%clk 0:20:00]} 22. Kg1 {[%clk 0:53:55]} Kh8 {[%clk 0:20:16]} 23. g4
{[%clk 0:53:27]} Kg8 {[%clk 0:20:33]} 24. h4 Kh8 {[%clk 0:20:35]} 25. Bf1
{[%clk 0:49:45]} Kg8 {[%clk 0:20:51]} 26. Kh2 {[%clk 0:43:50]} Kh8
{[%clk 0:21:13]} 27. Kh1 {[%clk 0:42:30]} Kg8 {[%clk 0:21:35]} 28. Ne3
{[%clk 0:41:52]} d5 {[%clk 0:17:13]} 29. exd5 {[%clk 0:36:34]} Bd6
{[%clk 0:16:57]} 30. Nf5 {[%clk 0:30:25]} e4 {[%clk 0:10:15]} 31. g5
{[%clk 0:29:06]} e3 {[%clk 0:08:57]} 32. Bxe3 {[%clk 0:28:33]} hxg5
{[%clk 0:08:13]} 33. hxg5 {[%clk 0:28:41]} Ne8 {[%clk 0:07:54]} 34. Nxd6
{[%clk 0:27:41]} Qxd6 {[%clk 0:05:11]} 35. Bf4 {[%clk 0:27:06]} Qg6
{[%clk 0:04:25]} 36. Bd3 {[%clk 0:26:19]} f5 {[%clk 0:04:48]} 37. Qh2
{[%clk 0:26:42]} Kf7 {[%clk 0:04:36]} 38. Qg3 {[%clk 0:25:42]} Rh8+
{[%clk 0:03:51]} 39. Kg2 {[%clk 0:26:01]} Rh5 {[%clk 0:04:06]} 40. Rh1
{[%clk 0:21:35]} Rxh1 {[%clk 0:03:25]} 41. Kxh1 {[%clk 0:21:59]} Nf8
{[%clk 0:03:38]} 42. Rb1 {[%clk 0:21:14]} Nd6 {[%clk 0:03:36]} 43. Kg2
{[%clk 0:20:46]} Bc8 {[%clk 0:03:16]} 44. Ne2 {[%clk 0:20:53]} Nh7
{[%clk 0:02:33]} 45. Rh1 {[%clk 0:20:50]} Kg8 {[%clk 0:02:45]} 46. Nd4
{[%clk 0:19:28]} Nf7 {[%clk 0:02:57]} 47. Nc6 {[%clk 0:19:37]} Rd7
{[%clk 0:02:07]} 48. Re1 {[%clk 0:19:58]} Kf8 {[%clk 0:02:16]} 49. Re6
{[%clk 0:18:57]} Qh5 {[%clk 0:01:48]} 50. g6 {[%clk 0:19:09]} Rxd5
{[%clk 0:02:01]} 51. Re1 {[%clk 0:19:33]}  1-0

[Event "Iranian Men Championship Final 1399"]
[Site "Tehran"]
[Date "2021.04.06"]
[Round "4"]
[Board "8"]
[White "Daghli, Arash"]
[Black "Ghaem Maghami, Ehsan"]
[Result "1/2-1/2"]
[WhiteElo "2431"]
[BlackElo "2561"]
[PlyCount "0"]
[EventDate "2021.04.05"]
[EventRounds "15"]
[EventCountry "IRI"]

1. e4 {[%clk 1:30:58]} c5 {[%clk 1:18:01]} 2. Nf3 {[%clk 1:31:07]} d6
{[%clk 1:18:22]} 3. d4 {[%clk 1:31:26]} cxd4 {[%clk 1:18:44]} 4. Nxd4
{[%clk 1:31:47]} Nf6 {[%clk 1:19:08]} 5. Nc3 {[%clk 1:32:05]} a6 {[%clk 1:19:28]}
6. a3 {[%clk 1:31:26]} e6 {[%clk 1:13:20]} 7. g4 {[%clk 1:31:36]} h6
{[%clk 1:13:22]} 8. Rg1 {[%clk 1:30:33]} g5 {[%clk 1:13:37]} 9. Be3
{[%clk 1:30:17]} Nbd7 {[%clk 1:07:46]} 10. Qd2 {[%clk 1:25:20]} Ne5
{[%clk 1:06:34]} 11. Be2 {[%clk 1:25:22]} Rg8 {[%clk 0:58:32]} 12. O-O-O
{[%clk 1:21:53]} Ng6 {[%clk 0:54:17]} 13. Kb1 {[%clk 1:20:40]} Be7
{[%clk 0:51:45]} 14. Nb3 {[%clk 1:16:56]} Bd7 {[%clk 0:45:51]} 15. f4
{[%clk 1:06:10]} gxf4 {[%clk 0:42:49]} 16. Bxf4 {[%clk 1:06:28]} Bc6
{[%clk 0:42:56]} 17. Bxh6 {[%clk 1:04:01]} Nxe4 {[%clk 0:42:58]} 18. Nxe4
{[%clk 1:04:22]} Bxe4 {[%clk 0:43:21]} 19. Qe3 {[%clk 1:04:38]} Bc6
{[%clk 0:37:54]} 20. g5 {[%clk 1:02:24]} e5 {[%clk 0:32:17]} 21. Rgf1
{[%clk 1:00:23]} Qc7 {[%clk 0:27:56]} 22. Bc4 {[%clk 0:39:07]} Nh8
{[%clk 0:26:23]} 23. Rf2 {[%clk 0:33:31]} O-O-O {[%clk 0:22:32]} 24. Bxf7
{[%clk 0:33:01]} Nxf7 {[%clk 0:22:33]} 25. Rxf7 {[%clk 0:33:29]} Kb8
{[%clk 0:22:39]} 26. Rff1 {[%clk 0:18:37]} Rc8 {[%clk 0:20:42]} 27. c4
{[%clk 0:16:30]} Ba4 {[%clk 0:16:23]} 28. Rc1 {[%clk 0:11:27]} Bxb3
{[%clk 0:14:51]} 29. Qxb3 {[%clk 0:11:50]} Bxg5 {[%clk 0:15:17]} 30. Bxg5
{[%clk 0:11:02]} Rxg5 {[%clk 0:15:37]} 31. Ka2 {[%clk 0:08:58]} Rg4
{[%clk 0:11:01]} 32. c5 {[%clk 0:04:46]}  1/2-1/2

[Event "Iranian Men Championship Final 1399"]
[Site "Tehran"]
[Date "2021.04.07"]
[Round "5"]
[Board "1"]
[White "Ghaem Maghami, Ehsan"]
[Black "Hakemi, Arman"]
[Result "1-0"]
[WhiteElo "2561"]
[BlackElo "2316"]
[PlyCount "0"]
[EventDate "2021.04.05"]
[EventRounds "15"]
[EventCountry "IRI"]

1. d4 {[%clk 1:23:13]} Nf6 {[%clk 1:30:47]} 2. c4 {[%clk 1:23:31]} e6
{[%clk 1:31:08]} 3. Nf3 {[%clk 1:23:48]} Bb4+ {[%clk 1:30:54]} 4. Bd2
{[%clk 1:22:13]} Bxd2+ {[%clk 1:30:38]} 5. Qxd2 {[%clk 1:22:24]} d5
{[%clk 1:31:01]} 6. g3 {[%clk 1:21:41]} O-O {[%clk 1:27:19]} 7. Bg2
{[%clk 1:20:43]} c6 {[%clk 1:27:46]} 8. O-O {[%clk 1:19:49]} dxc4
{[%clk 1:28:05]} 9. a4 {[%clk 1:06:49]} Nbd7 {[%clk 1:17:11]} 10. Na3
{[%clk 1:01:04]} e5 {[%clk 1:13:55]} 11. Nxc4 {[%clk 1:01:17]} exd4
{[%clk 1:05:15]} 12. Qxd4 {[%clk 0:59:44]} Nb6 {[%clk 1:02:44]} 13. Nd6
{[%clk 0:59:06]} Nbd5 {[%clk 0:51:40]} 14. Nxc8 {[%clk 0:54:16]} Qxc8
{[%clk 0:52:00]} 15. b4 {[%clk 0:53:10]} a5 {[%clk 0:42:52]} 16. b5
{[%clk 0:51:49]} c5 {[%clk 0:32:27]} 17. Qc4 {[%clk 0:49:12]} Nb6
{[%clk 0:21:53]} 18. Qc2 {[%clk 0:46:36]} Qc7 {[%clk 0:20:09]} 19. Rfc1
{[%clk 0:42:06]} Nbd7 {[%clk 0:05:36]} 20. Nd2 {[%clk 0:38:15]} Rae8
{[%clk 0:06:05]} 21. b6 {[%clk 0:37:32]} Qxb6 {[%clk 0:05:06]} 22. Rab1
{[%clk 0:35:55]} Qe6 {[%clk 0:05:34]} 23. Rxb7 {[%clk 0:34:36]} Qxe2
{[%clk 0:06:01]} 24. Nc4 {[%clk 0:33:08]} Qxc2 {[%clk 0:06:25]} 25. Rxc2
{[%clk 0:33:36]} Re1+ {[%clk 0:06:48]} 26. Bf1 {[%clk 0:34:02]} Ra1
{[%clk 0:06:23]} 27. Nb2 {[%clk 0:32:46]} Re8 {[%clk 0:02:37]} 28. Kg2
{[%clk 0:30:25]} g5 {[%clk 0:00:34]} 29. Bb5 {[%clk 0:29:49]} g4 {[%clk 0:00:47]}
30. Rxd7 {[%clk 0:24:13]} Nxd7 {[%clk 0:00:49]} 31. Bxd7 {[%clk 0:24:37]} Re4
{[%clk 0:01:16]} 32. Rxc5 {[%clk 0:24:47]} Rd4 {[%clk 0:00:47]} 33. Bb5
{[%clk 0:23:50]} Rb1 {[%clk 0:00:42]} 34. Rc4 {[%clk 0:24:00]} Rd6
{[%clk 0:00:31]} 35. Rxg4+ {[%clk 0:24:19]} Kf8 {[%clk 0:01:00]} 36. Nc4
{[%clk 0:24:40]} Rdd1 {[%clk 0:01:28]} 37. Nxa5 {[%clk 0:24:47]} Rg1+
{[%clk 0:01:33]} 38. Kh3 {[%clk 0:25:01]} Rb2 {[%clk 0:01:57]} 39. Rf4
{[%clk 0:25:22]} Rd2 {[%clk 0:02:18]} 40. Nc4 {[%clk 0:24:18]} Rd5
{[%clk 0:02:45]} 41. Ne3 {[%clk 0:24:26]} Rh5+ {[%clk 0:02:41]} 42. Rh4
{[%clk 0:24:39]}  1-0

[Event "Iranian Men Championship Final 1399"]
[Site "Tehran"]
[Date "2021.04.07"]
[Round "5"]
[Board "2"]
[White "Veisi, Bardia"]
[Black "Daghli, Arash"]
[Result "0-1"]
[WhiteElo "2273"]
[BlackElo "2431"]
[PlyCount "0"]
[EventDate "2021.04.05"]
[EventRounds "15"]
[EventCountry "IRI"]

1. c4 {[%clk 1:28:22]} g6 {[%clk 1:30:24]} 2. Nc3 {[%clk 1:28:43]} Bg7
{[%clk 1:30:37]} 3. d4 {[%clk 1:29:04]} d6 {[%clk 1:30:56]} 4. e4
{[%clk 1:29:24]} e5 {[%clk 1:30:53]} 5. d5 {[%clk 1:28:09]} a5 {[%clk 1:30:39]}
6. h4 {[%clk 1:28:07]} h5 {[%clk 1:30:24]} 7. Nf3 {[%clk 1:23:04]} Na6
{[%clk 1:30:10]} 8. Be2 {[%clk 1:22:45]} Nc5 {[%clk 1:29:05]} 9. Be3
{[%clk 1:21:12]} Nf6 {[%clk 1:27:58]} 10. Qc2 {[%clk 1:14:32]} Nfxe4
{[%clk 1:25:12]} 11. Nxe4 {[%clk 1:14:01]} Nxe4 {[%clk 1:25:31]} 12. c5
{[%clk 1:05:32]} Nf6 {[%clk 1:18:28]} 13. Rd1 {[%clk 1:01:34]} O-O
{[%clk 1:17:49]} 14. O-O {[%clk 1:01:46]} Qe7 {[%clk 1:11:02]} 15. Ng5
{[%clk 0:56:30]} Ng4 {[%clk 1:06:30]} 16. Bxg4 {[%clk 0:56:41]} hxg4
{[%clk 1:06:25]} 17. Rfe1 {[%clk 0:52:23]} a4 {[%clk 0:55:14]} 18. b4
{[%clk 0:51:37]} axb3 {[%clk 0:55:27]} 19. axb3 {[%clk 0:51:57]} Bf5
{[%clk 0:55:03]} 20. Qc4 {[%clk 0:52:13]} Rfe8 {[%clk 0:50:41]} 21. Qb4
{[%clk 0:48:02]} Rab8 {[%clk 0:44:26]} 22. g3 {[%clk 0:42:49]} Bf8
{[%clk 0:35:45]} 23. Rc1 {[%clk 0:41:24]} c6 {[%clk 0:22:15]} 24. Red1
{[%clk 0:35:54]} cxd5 25. Rxd5 {[%clk 0:35:39]} dxc5 {[%clk 0:15:40]} 26. Bxc5
{[%clk 0:35:08]} Qc7 {[%clk 0:15:10]} 27. Rcd1 {[%clk 0:21:55]} Bxc5
{[%clk 0:09:10]} 28. Rxc5 {[%clk 0:20:20]} Qe7 {[%clk 0:09:39]} 29. Qc4
{[%clk 0:08:58]} Rbc8 {[%clk 0:09:51]} 30. b4 {[%clk 0:05:10]} b6
{[%clk 0:06:08]} 31. Rc6 {[%clk 0:05:13]} b5 {[%clk 0:05:01]} 32. Qxb5
{[%clk 0:05:00]} Rb8 {[%clk 0:03:47]} 33. Qc4 {[%clk 0:04:24]} Rxb4
{[%clk 0:03:30]} 34. Qc3 {[%clk 0:04:03]} Rb7 {[%clk 0:02:55]} 35. Rc5
{[%clk 0:03:11]} e4 {[%clk 0:01:03]} 36. Rdd5 {[%clk 0:00:54]} e3
{[%clk 0:00:36]} 37. Re5 {[%clk 0:00:50]} e2 {[%clk 0:00:34]} 38. Kh2
{[%clk 0:00:54]} Rb1 {[%clk 0:00:31]} 39. Rxe7 {[%clk 0:00:58]} Rxe7
{[%clk 0:01:00]} 40. Ra5 {[%clk 0:00:40]} e1=Q {[%clk 0:01:03]} 41. Ra8+
{[%clk 0:00:36]} Re8 {[%clk 0:01:33]} 42. Ra5 Re7 43. Rxf5  0-1

[Event "Iranian Men Championship Final 1399"]
[Site "Tehran"]
[Date "2021.04.07"]
[Round "5"]
[Board "3"]
[White "Maghsoodloo, Parham"]
[Black "Tabatabaei, M.Amin"]
[Result "1-0"]
[WhiteElo "2676"]
[BlackElo "2629"]
[PlyCount "0"]
[EventDate "2021.04.05"]
[EventRounds "15"]
[EventCountry "IRI"]

1. d4 {[%clk 1:30:06]} Nf6 {[%clk 1:29:25]} 2. c4 {[%clk 1:30:30]} e6
{[%clk 1:29:44]} 3. Nc3 {[%clk 1:30:56]} Bb4 {[%clk 1:29:59]} 4. e3
{[%clk 1:31:19]} O-O {[%clk 1:30:10]} 5. Bd2 {[%clk 1:31:46]} c5 {[%clk 1:25:48]}
6. a3 {[%clk 1:30:15]} Bxc3 {[%clk 1:26:10]} 7. Bxc3 {[%clk 1:30:40]} Ne4
{[%clk 1:26:31]} 8. Ne2 {[%clk 1:30:22]} b6 {[%clk 1:24:50]} 9. d5
{[%clk 1:14:23]} d6 {[%clk 1:24:28]} 10. Qc2 {[%clk 1:01:43]} Nxc3
{[%clk 1:11:50]} 11. Nxc3 {[%clk 1:01:53]} e5 {[%clk 1:12:15]} 12. O-O-O
{[%clk 1:00:37]} Na6 {[%clk 1:10:10]} 13. f4 {[%clk 0:57:42]} exf4
{[%clk 1:05:39]} 14. exf4 {[%clk 0:58:02]} Nc7 {[%clk 1:05:58]} 15. Bd3
{[%clk 0:58:10]} f5 {[%clk 1:06:21]} 16. g4 {[%clk 0:54:39]} Qh4 {[%clk 1:05:01]}
17. h3 {[%clk 0:53:58]} Bd7 18. Kb1 {[%clk 0:53:02]} Qf6 {[%clk 1:00:31]} 19.
Rhg1 {[%clk 0:47:33]} Rae8 {[%clk 0:55:54]} 20. Rg3 {[%clk 0:46:15]} Re7
{[%clk 0:52:42]} 21. Rdg1 {[%clk 0:45:50]} Kh8 {[%clk 0:51:26]} 22. Ka1
{[%clk 0:37:12]} g6 {[%clk 0:41:15]} 23. g5 {[%clk 0:29:11]} Qd4 {[%clk 0:40:54]}
24. Ne2 {[%clk 0:29:32]} Qg7 {[%clk 0:41:21]} 25. h4 b5 {[%clk 0:40:33]} 26. h5
{[%clk 0:28:16]} Kg8 {[%clk 0:35:03]} 27. hxg6 hxg6 {[%clk 0:35:32]} 28. Rh3
{[%clk 0:25:52]} bxc4 29. Bxc4 {[%clk 0:26:15]} Rfe8 {[%clk 0:34:19]} 30. Rgh1
{[%clk 0:20:59]} Nb5 {[%clk 0:33:20]} 31. Qd2 {[%clk 0:19:07]} Nd4
{[%clk 0:18:48]} 32. Nxd4 {[%clk 0:19:15]} cxd4 {[%clk 0:19:17]} 33. Ka2
{[%clk 0:17:46]} Re3 {[%clk 0:17:54]} 34. Rh6 {[%clk 0:18:11]} d3
{[%clk 0:18:16]} 35. Bxd3 {[%clk 0:18:38]} Qd4 {[%clk 0:17:39]} 36. Bb5
{[%clk 0:18:45]}  1-0